| 000 | 00575nam a2200205Ia 4500 | ||
|---|---|---|---|
| 005 | 20250326144158.0 | ||
| 008 | 250326s9999 xx 000 0 und d | ||
| 020 | _a1-4039-9796-9 | ||
| 037 | _aTextbook | ||
| 040 |
_aFMSL _beng _cFMSL |
||
| 041 |
_aeng _2eng |
||
| 084 |
_aX:8 P5 _qFMSL |
||
| 100 |
_aAdams Jeremy _9749194 |
||
| 245 | 0 |
_aManaging people in organizations _cAdams Jeremy |
|
| 260 |
_aNew Delhi _bNew Delhi, Palgrave Macmillon _c2007 |
||
| 300 | _axxiv,328 | ||
| 365 | _b2273.8040000000001 | ||
| 942 |
_cTB _hX:8 P5 |
||
| 999 |
_c1302679 _d1302679 |
||